| 000 | 01252nam a22003857a 4500 | ||
|---|---|---|---|
| 003 | CHAP | ||
| 005 | 20220817044256.0 | ||
| 008 | 090618s2007 it a rn 00010 eng d | ||
| 010 | _a96392 | ||
| 011 | _a97364 | ||
| 020 | _a9789251058954 | ||
| 035 | _a108030 | ||
| 040 | _cCHAP | ||
| 082 | 0 | 4 |
_a639.2 _bF3y v.501 |
| 110 | 2 | _aFAO | |
| 245 | 1 | 0 |
_aAssessment of freshwater fish seed resources for sustainable aquaculture _c/ed. by Melba G. Bondad Reantaso |
| 260 |
_aRome : _bFAO, _c2007 |
||
| 300 |
_axxxvii, 628 p. : _bilus. |
||
| 490 | 0 |
_aDocumento técnico de pesca _v; 501 |
|
| 590 |
_aBATCH-UPD _b10 _c20130110 _lUCH01 _h0732 |
||
| 590 |
_aBATCH-UPD _b10 _c20130410 _lUCH01 _h0415 |
||
| 590 |
_aBATCH-UPD _b10 _c20130914 _lUCH01 _h0013 |
||
| 590 |
_aCONVERSION _b10 _c20130109 _lUCH01 _h1353 |
||
| 650 | 1 | 4 |
_aAcuicultura. _9758 |
| 650 | 1 | 4 |
_aAlevines. _93804 |
| 650 | 1 | 4 | _aGenética animal. |
| 650 | 1 | 4 |
_aIncubación. _957534 |
| 650 | 1 | 4 |
_aPeces de agua dulce. _986461 |
| 650 | 1 | 4 |
_aPiscicultura. _988531 |
| 700 | 1 |
_aBondad Reantaso, Melba G. _e, ed. _913655 |
|
| 830 | 0 | 0 |
_aDocumento técnico de pesca _v; 501 _933242 |
| 901 | _aBK | ||
| 942 | _cLIBRO | ||
| 949 |
_a639.2 F3y v.501 _bBC _cFAO _d09789251058954 _eFAO1 _gDonaciØn _h110700 _i108030 _sb |
||
| 999 |
_c96392 _d96392 |
||